| 000 | 00870nam a22002897a 4500 | ||
|---|---|---|---|
| 005 | 20200911135737.0 | ||
| 008 | 200911b xxu||||| |||| 00| 0 spa d | ||
| 020 | _a9788418113970 | ||
| 041 | _aspa | ||
| 082 | _a005.52 H662c | ||
| 100 |
_aValentín López, Gema María _958645 |
||
| 245 | _aAplicaciones informáticas de tratamiento de textos | ||
| 260 | _aEspaña | ||
| 260 | _bCEP | ||
| 260 | _c2019 | ||
| 300 | _a221 páginas | ||
| 650 |
_aTECNOLOGÍAS DE LA INFORMACIÓN _97073 |
||
| 650 |
_aAPLICACIONES INFORMÁTICAS _951159 |
||
| 650 |
_aTRATAMIENTO DE TEXTOS _958646 |
||
| 650 |
_aPROCESAMIENTO DE TEXTOS _958647 |
||
| 650 |
_aCORRECCIÓN DE TEXTOS _958648 |
||
| 650 |
_aIMPRESIÓN _913775 |
||
| 650 |
_aAUTOMATIZACIÓN DE TAREAS _958649 |
||
| 650 |
_aPLANTILLAS _9378 |
||
| 650 |
_aHERRAMIENTAS DE ORTOGRAFÍA Y GRAMÁTICA _958650 |
||
| 942 | _cBK | ||
| 999 |
_c12748 _d12748 |
||